000 00742nam a2200241Ia 4500
003 OSt
005 20220923214857.0
006 a|||||r|||| 00| 0
007 ta
008 220922b |||||||| |||| 00| 0 hin d
024 _a173,450
037 _cTextual
040 _aARTS
_cARTS
_bhin
041 _2hin
_ahin
082 _aO152,6x, K7
100 _aस्नातक, विजयेन्द्र, संपा.
_9156505
245 0 _aनिबंध - निचय
246 _aNibandha - nichaya
260 _c1967
650 _aहिन्दी साहित्य
_9156264
942 _hO152,6x, K7
_cTEXL
_2CC
999 _c327345
_d327345